LDR 00951nam a2200193 4500 001 000000367429 003 CaOOAMICUS 005 20260424103009.0 008 260424s1894 it a 000 u ita r 040 $aSeMil$bita 245 00$aIl giubileo sacerdotale e giornalistico del dottor D. Davide Albertario direttore dell'Osservatore Cattolico /$cpubblicazione a cura della commissione esecutiva. 264 1$aMilano :$b[s.n.],$c1894. 300 $a8 p. :$bill. ;$c64 cm 650 4$aAlbertario, Davide
- Celebrativi.$0(OLS)http://semarc/subject/42680 850 $aSeMil 852 $aSeMil$W1$xVenegono$y1$m5D XI 28/35$j270851$B258126$CSeMilBibl$Z2$F258126 $8I 996 $6245$aIl giubileo sacerdotale e giornalistico del dottor D. Davide Albertario direttore dell'Osservatore Cattolico$9(OLS)http://semarc/title/459358 996 $6264$aMilano :$b[s.n.]$9(OLS)http://semarc/publisher/29709